00746nam a2200205 4500003001100000005001700011008004100028020001500069040003900084041000800123082001500131100002500146130009500171245005900266260003900325300004200364490006100406650004200467650003100509LK-CoMWRAF20231213105326.0231213b2001 |||||||| |||| 00| 0 eng d a955582021X aLK-CoMWRAFdLK-CoMWRAFeLK-CoMWRAF aeng a303.6bABA aAbayasekera, Jeffrey aA history of ethnic conflict in Sri Lanka: recollection, reinterpretation & reconciliation a The role of the churches : ba historical perspective aColombo: bMarga Institute, c2001 a12 p. ; 23 cmb Bibliography included aMarga monograph series on ethnic reconciliation vno. 18 aChurch and social problems- Sri Lanka aEthnic conflict- Sri Lanka